Γλώσσα Ε' δημοτικού : της γλώσσας ρόδι και ροδάνι : βιβλίο δασκάλου : μεθοδολογικές οδηγίες

Αποθηκεύτηκε σε:
Λεπτομέρειες βιβλιογραφικής εγγραφής
Συγγραφή απο Οργανισμό/Αρχή: Παιδαγωγικό Ινστιτούτο
Άλλοι συγγραφείς: Αναστασοπούλου, Αναστασία
Μορφή: Βιβλίο
Γλώσσα:Greek
Δημοσίευση: Αθήνα : Οργανισμός Εκδόσεως Διδακτικών Βιβλίων, [2006]
Θέματα:
Ετικέτες: Προσθήκη ετικέτας
Δεν υπάρχουν, Καταχωρήστε ετικέτα πρώτοι!

MARC

LEADER 00000cam a2200000 i 4500
001 1/36015
008 061024s2006 gre d
020 |a 960-06-1784-8 
035 |l 10085706 
040 |a GR-MY-UA  |b gre  |e aacr 
041 0 |a gre 
082 0 |a 372.6  |2 (22) 
245 1 0 |a Γλώσσα Ε' δημοτικού :  |b της γλώσσας ρόδι και ροδάνι : βιβλίο δασκάλου : μεθοδολογικές οδηγίες /  |c Αναστασία Αναστασοπούλου...[κ.ά.] ; Υπουργείο Παιδείας και Θρησκευμάτων. Παιδαγωγικό Ινστιτούτο 
260 |a Αθήνα :   |b Οργανισμός Εκδόσεως Διδακτικών Βιβλίων,   |c [2006] 
300 |a 51 σ.;  |c 24 εκ. 
650 0 0 |a Greek language, Modern  |x Grammar  |x Study and teaching (Elementary) 
650 0 0 |a Greek language, Modern  |x Composition and exercises  |x Study and teaching (Elementary) 
650 0 0 |a Greek language, Modern  |x Study and teaching (Elementary) 
700 1 |a Αναστασοπούλου, Αναστασία. 
710 2 |a Παιδαγωγικό Ινστιτούτο. 
852 |a INST  |b RHODES  |e 20061024  |h 372.6 ΓΛΩ  |p 005400023992  |q 005400023992  |t BK  |y 0 
852 |a INST  |b RHODES  |e 20061024  |h 372.6 ΓΛΩ  |p 005400023993  |q 005400023993  |t BK  |y 0 
901 |a BIBL4-2006-3 
909 |a Ρ  |b 127124 
909 |a Ρ  |b 127125 
970 |a ΚΟΖΑ  |b ΜΑΡΙΑ  |z 2006/10/24